The 10 Worst Countries in the World According to AI - Statistics

General Stats
  • This quiz has been taken 138 times
  • The average score is 6 of 10
Answer Stats
Rank Country % Correct
1 North Korea
85%
2 Afghanistan
80%
4 Syria
73%
6 Somalia
67%
3 Yemen
67%
5 South Sudan
65%
10 Venezuela
52%
8 Central African Republic
51%
9 Myanmar
50%
7 Eritrea
45%
No matching quizzes found
Score Distribution
Percent of People with Each Score
Percentile by Number Answered
Your Score History
You have not taken this quiz